000 00268nam a22001217a 4500
008 170810b xxu||||| |||| 00| 0 eng d
041 _aeng
080 _a004
100 _a35
101 _aSHK
245 _aCOMPUTER AIDED SYSTEMS THEORY
_cQUESADA,A
942 _2udc
_cBK
999 _c23190
_d23190